Handbook of Formulae and Physical Constants (Record no. 208657)
[ view plain ]
| 000 -LEADER | |
|---|---|
| fixed length control field | 00651 a2200169 4500 |
| 003 - CONTROL NUMBER IDENTIFIER | |
| control field | Nust |
| 005 - DATE AND TIME OF LATEST TRANSACTION | |
| control field | 20170207164334.0 |
| 020 ## - INTERNATIONAL STANDARD BOOK NUMBER | |
| International Standard Book Number | 1-866-256-8193 |
| 040 ## - CATALOGING SOURCE | |
| Transcribing agency | Nust |
| 082 ## - DEWEY DECIMAL CLASSIFICATION NUMBER | |
| Classification number | 512.3 |
| 245 ## - TITLE STATEMENT | |
| Title | Handbook of Formulae and Physical Constants |
| Remainder of title | For The Use Of Students And Examination Candidates |
| 260 ## - PUBLICATION, DISTRIBUTION, ETC. | |
| Place of publication, distribution, etc. | Canada |
| Name of publisher, distributor, etc. | Power Engineering Training Systems |
| 300 ## - PHYSICAL DESCRIPTION | |
| Extent | 43p |
| 505 ## - FORMATTED CONTENTS NOTE | |
| Formatted contents note | SI Multiples.1.Basic Units (distance, area, volume, mass, density).2 Mathematical Formulae.5 Applied Mechanics.10 Thermodynamics...21 Fluid Mechanics.28 Electricity.30 Periodic Table.....34 |
| 538 ## - SYSTEM DETAILS NOTE | |
| System details note | E-Book |
| 650 ## - SUBJECT ADDED ENTRY--TOPICAL TERM | |
| Topical term or geographic name entry element | Handbook of Formulae and Physical Constants |
| 942 ## - ADDED ENTRY ELEMENTS (KOHA) | |
| Source of classification or shelving scheme | |
| Koha item type | Book |
| Withdrawn status | Lost status | Source of classification or shelving scheme | Damaged status | Not for loan | Collection code | Permanent Location | Current Location | Date acquired | Total Checkouts | Full call number | Barcode | Date last seen | Price effective from | Koha item type |
|---|---|---|---|---|---|---|---|---|---|---|---|---|---|---|
| Military College of Signals (MCS) | Military College of Signals (MCS) | 12/12/2016 | 512.3 | MCSEB-892 | 12/08/2016 | 12/12/2016 | Book |
